00878nam a2200217 a 4500001001000000003000500010005001700015008004100032010001100073011001100084040000900095100003000104245014800134260004100282500006000323502011800383650003400501650002600535700002900561856007000590000109898CHAP20230530130029.0140605s2014 mx | |sm |||||||spa|d a106360 a107332 cCHAP1 aMaldonado Fuentes, Anabel10aAnálisis de la mortalidad predestete en lechones en una granja de San Miguel Tequixtepec, Oaxacah[En línea]cpor Anabel Maldonado Fuentes. aChapingo, Méx. :bEl autor,c2014. aPara ver el contenido del material haga clic en la liga aTesis (Ing. Agr. Esp. en Zootecnia) -- UACH. Departamento de Enseñanza, Investigación y Servicio en Zootecnia14aGanado porcinoxProducción.14aLechonesxMortalidad.1 aZarate Xochihua, Rosalba aFinding aiduhttp://10.13.5.2/tesis/sist109898.pdfzTeclea aquí